1049 1885 1968 1714 1482 1779 1393 1963 1187 1364 1691 1593 1728 1086 1847 1604 1645 1220 1807 1127 1320 1162 1113 1814 1249 1717 1909 1478 1384 1303 1992 1127 1397 1247 1282 1493 1281 1315 1781 1695 1305 1971 1723 1852 1012 1337 1063 1640 1812 1664 1262 1696 1812 1938 1138 1622 1045 1659 1041 1875 1665 1058 1676 1188 1586 1581 1008 1392 1287 1412 1964 1870 1627 1777 1038 1723 1862 1432 1480 1025 1472 1915 1884 1301 1637 1596 1747 1609 1994 1042 1035 1735 1547 1435 1787 1092 1067 1741 1313 BCNSPRNW ULIB Ver.6.0+V

เปลี่ยนเป็นภาษาไทย

Change to English
 แสดงรายละเอียดบรรณานุกรม
  กลับหน้าหลัก

Brief Record : Get Marc (ISO 2709) : E-mail record : QR code < ปิดหน้าต่าง
LEADER : 00000nam 2200000uu 4500
001    13399127383
003     ULIB
008    200513s2018||||th 000 0 tha d
020    ^a9780702074011 (pbk.)
060 04 ^aWM100^bO98S
100 1  ^aOyebode, Femi
245 10 ^aSims symptoms in the mind : Textbook ofdescriptive psychopathology /^cFemi Oyebode
246 30 ^aSymptoms in the mind
250    ^a6th ed.
260    ^aNew York :^bELSEVIER,^c2018
300    ^axi, 336 p. :^bill. ;^c25 cm.
650  0 ^aPsychology, Pathological
650  2 ^aPsychopathology^xmethods
650  2 ^aMental Disorders^xpsychology
700 1  ^aSims, A. C. P.^tSymptoms in the mind
945    ^p1674^l0^i007052
999    ^aอังศุธร กาญจนาโรจน์พันธ์
รายการนี้ยังไม่มีแท็ก
คุณยังไม่ได้ล็อกอิน คุณสามารถมีกิจกรรมร่วมกับเว็บไซต์ได้ แต่ต้องล็อกอินก่อน ::
  ล็อกอิน

รายการสื่อสารสนเทศ

ลำดับที่ ประเภท เลขเรียก/บาร์โค้ด สถานที่ สถานะ
1. วิทยาศาสตร์การแพทย์ และสุขภาพ
หนังสือสำรอง
สถานะ=หนังสือสำรอง
WM100 O98S ฉ.1 
  Barcode: 007052
ห้องสมุดวิทยาเขตสวรรค์ประชารักษ์
►หนังสือทั่วไป
บนชั้น

รายการใกล้เคียง
    ผู้แต่ง [Oyebode, Femi]

    หัวเรื่อง [Psychology, Pathological]

BibComment


ยังไม่เคยถูกคอมเมนท์

คอมเมนท์ทรัพยากรรายการนี้
  คอมเมนท์: Sims symptoms i..


 Copyright 2026. Bcnsprnw @Library